Statistics for AJR - Bang! Lyrics

Click here to take the quiz!

General Stats

  • This quiz has been taken 164 times
    (159 since last reset)
  • The average score is 289 of 341

Answer Stats

Answer% Correct
Bang!
99%
bang
99%
a
96%
go
95%
I
95%
so
93%
So
93%
you
93%
do
90%
with
90%
I'm
89%
out
89%
to
89%
an
88%
and
88%
it's
88%
let's
88%
on
88%
put
88%
up
88%
of
87%
your
87%
best
86%
come
86%
everybody
86%
but
85%
down
85%
face
85%
the
85%
hang
84%
know
84%
pretend
84%
song
84%
Been
83%
been
83%
get
83%
hell
83%
here
83%
Here
83%
ride
83%
this
83%
time
83%
we
83%
thinking
82%
around
81%
are
79%
now
77%
jumping
76%
my
76%
too
76%
way
76%
for
75%
old
75%
like
74%
young
74%
'cause
73%
got
71%
in
71%
lie
71%
comfortable
70%
ruckus
70%
whatever
70%
Feel
68%
try
68%
forever
67%
not
67%
across
65%
apartment
65%
from
65%
rumpus
65%
all
64%
begin
64%
budget
64%
one
64%
or
64%
something
64%
two?
64%
show
63%
taxes
63%
fridge
62%
Thank
62%
feeling
61%
hope
61%
password
61%
puke
61%
coming
60%
due
60%
Metronome
59%
gonna
58%
park
58%
grow
57%
quinoa
57%
still
56%
Yeah
51%
Man
49%
grown
40%

Score Distribution

Percentile by Number Answered

Percent of People with Each Score

Your Score History

You have not taken this quiz since the last reset